LEADER 01368nas a2200265 i 4500 001 000000240719 003 CaOOAMICUS 005 20150810000000.0 008 150408b2014 xxcuu u0 0mul r 013 $a219624 040 $aSeMil$bita 245 10$aQuand les catégories deviennent un obstacle épistémologique pour l'étude des religions /$cnuméro thématique dirigé par André Couture. 246 04$iTitolo in copertina:$aÉtude des religions 260 $aQuébec (Canada) :$bUniversité Laval,$c2014 (copyr. 2015) 300 $aP. [217]-401 ;$c25 cm. 500 $aArticoli con sintesi in francese [Résumé] e in inglese [Abstract] in testa. - Titolo principale [Dossier] del fascicolo. 700 1 $aCouture, André.$0(OLS)http://semarc/name/66772 773 0 $tLaval Théologique et Philosophique.$dQuébec (Canada) : Université Laval $x0023-9054$w()2408 774 0 $t[vedi periodico].$w()286219 850 $aSeMil 852 $aSeMil$W1$xVenegono$y1$m7 5 73$j191065$B191065$CSeMilBibl$Z2$F205493 $85 961 $aCambio: Scuola Cattolica 996 $6245$aQuand les catégories deviennent un obstacle épistémologique pour l'étude des religions$9(OLS)http://semarc/title/342275 996 $6246$aÉtude des religions$9(OLS)http://semarc/title/342276 996 $6260$aQuébec (Canada) :$bUniversité Laval$9(OLS)http://semarc/publisher/30714 LEADER 00631nam a2200181 i 4500 001 000000103665 003 CaOOAMICUS 005 20011010000000.0 008 011010s1972 gw u000 u ger u 013 $a75843 040 $aSeMil$bita 245 10$aFluchtafel (Defixion)-Gebet 1. 300 $a1268 col. 773 0 $tReallexikon für Antike und Christentum.$dStuttgart : Hiersemann, 1950-$gBand8$w()3553 850 $aSeMil 852 $aSeMil$W1$xVenegono$y1$mSL1.Q IV 23$j60125$B60125$CSeMilBibl$Z2$F44597 $8I 961 $aSottoscrizione: Casa editrice 996 $6245$aFluchtafel (Defixion)-Gebet 1$9(OLS)http://semarc/title/150472